Real Name to Pseudonym - Statistics

General Stats
  • This quiz has been taken 38 times
    13 since last reset
  • The average score is 7 of 20
Answer Stats
Hint Answer % Correct
Vladimir Ilyich Ulyanov Lenin
83%
Norma Jeane Mortenson Marilyn Monroe
75%
Samuel Clemens Mark Twain
75%
Ramon Estevez Martin Sheen
58%
Reginald Kenneth Dwight Elton John
50%
Paul David Hewson Bono
42%
Eric Arthur Blair George Orwell
42%
Nguyen Sinh Cung Ho Chi Minh
42%
Shawn Carter Jay-Z
42%
Manfred von Richthofen The Red Baron
33%
Mary Ann Evans George Eliot
25%
Francois-Marie Arouet Voltaire
25%
Allan Konigsberg Woody Allen
25%
Terry Bollea Hulk Hogan
17%
Eppie Lederer Ann Landers
8%
Charles-Edouard Jeanneret Le Corbusier
8%
Lev Davidovich Bronstein Leon Trotsky
8%
William Joyce Lord Haw-Haw
8%
Anjeze Gonxhe Bojaxhiu Mother Teresa
8%
Raffaello da Urbino Raphael
8%
No matching quizzes found
Score Distribution
Percent of People with Each Score
Percentile by Number Answered
Your Score History
You have not taken this quiz since the last reset